Plays for the theatre : (Record no. 3910)

000 -LEADER
fixed length control field nam a22 a 4500
005 - DATE AND TIME OF LATEST TRANSACTION
control field 20170524122503.0
008 - FIXED-LENGTH DATA ELEMENTS--GENERAL INFORMATION
fixed length control field 170524b1979 -us||||| |||| 00| 0 eng d
020 ## - INTERNATIONAL STANDARD BOOK NUMBER
International Standard Book Number 003020741X (pbk)
040 ## - CATALOGING SOURCE
Original cataloging agency AKMAL
082 04 - DEWEY DECIMAL CLASSIFICATION NUMBER
Classification number 808.82 BRO
090 ## - LOCALLY ASSIGNED LC-TYPE CALL NUMBER (OCLC); LOCAL CALL NUMBER (RLIN)
Classification number (OCLC) (R) ; Classification number, CALL (RLIN) (NR) 808.23
Local cutter number (OCLC) ; Book number/undivided call number, CALL (RLIN) BRO
245 00 - TITLE STATEMENT
Title Plays for the theatre :
Remainder of title an anthology of World drama
Statement of responsibility, etc. edited by Oscar G. Brockett and Lenyth Brockett.
250 ## - EDITION STATEMENT
Edition statement 3rd ed.
260 ## - PUBLICATION, DISTRIBUTION, ETC.
Place of publication, distribution, etc. New York :
Name of publisher, distributor, etc. Holt, Rinehart and Winston,
Date of publication, distribution, etc. 1979.
300 ## - PHYSICAL DESCRIPTION
Extent xx,638p. :
Other physical details ill. ;
Dimensions 23cm
500 ## - GENERAL NOTE
General note Previous ed. : 1974.
599 ## - LOCAL NOTE
Local Note DALAM PROSES
700 1# - ADDED ENTRY--PERSONAL NAME
Personal name Brockett, Oscar G
Dates associated with a name 1923-2010
Fuller form of name (Oscar Gross),
9 (RLIN) 7717
700 1# - ADDED ENTRY--PERSONAL NAME
Personal name Brockett, Lenyth.
9 (RLIN) 7718
852 41 - LOCATION
Location British Library
Sublocation or collection HMNTS
942 ## - ADDED ENTRY ELEMENTS (KOHA)
Source of classification or shelving scheme
Koha item type Book
Holdings
Withdrawn status Lost status Source of classification or shelving scheme Damaged status Not for loan Collection code Home library Current library Shelving location Date acquired Inventory number Total Checkouts Full call number Barcode Date last seen Price effective from Koha item type
          FICTION AKMAL Melaka AKMAL Melaka PINJAMAN 24.05.2017 800179   808.82 BRO 201705114 24.05.2017 24.05.2017 Book
Pusat Sumber Maklumat Dato' Haji Sarmin Md Hussin, Akademi Kastam Diraja Malaysia, Melaka
Tel: 06-2331106 | Faks: 06-2313787